[Event "IECC CL8-2004.12 email"]
[Site "IECC email"]
[Date "2004.11.22"]
[Round "?"]
[White "Tassinati, Mirco"]
[Black "Weller, Torsten"]
[Result "0-1"]
[WhiteElo "977"]
[BlackElo "970"]
[PlyCount "38"]
[EventDate "2004.??.??"]
[EventType "tourn (corr)"]
[EventRounds "4"]
[SourceTitle "Corr 2008"]
[Source "ChessBase"]
[SourceDate "2008.06.24"]
[SourceVersion "1"]
[SourceVersionDate "2008.06.24"]
[SourceQuality "1"]

1. e4 e5 2. Nf3 Nc6 3. Bb5 a6 4. Ba4 Nf6 5. 0-0 b5 6. Bb3 Nxe4 7. d3 Nf6 8. Bg5 Be7 9. Nc3 d5 10. Bxf6 Bxf6 11. Bxd5 Qd7 12. Re1 0-0 13. Nxe5 Bxe5 14. Rxe5 Bb7 15. Re4 b4 16. Bxc6 Qxc6 17. Ne2 f5 18. Nd4 Qd5 19. Nxf5 Qxf5 0-1

[Event "IECC CL8-2004.12 email"]
[Site "IECC email"]
[Date "2004.11.22"]
[Round "?"]
[White "Weller, Torsten"]
[Black "Ramieri, Paolo"]
[Result "1-0"]
[WhiteElo "987"]
[BlackElo "1004"]
[PlyCount "51"]
[EventDate "2004.??.??"]
[EventType "tourn (corr)"]
[EventRounds "4"]
[SourceTitle "Corr 2008"]
[Source "ChessBase"]
[SourceDate "2008.06.24"]
[SourceVersion "1"]
[SourceVersionDate "2008.06.24"]
[SourceQuality "1"]

1. e4 e5 2. Nf3 Nc6 3. Bc4 Bc5 4. c3 Nf6 5. d4 exd4 6. cxd4 Bb4+ 7. Bd2 Nxe4 8. Bxb4 Nxb4 9. Bxf7+ Kxf7 10. Qb3+ d5 11. Qxb4 Re8 12. 0-0 Qe7 13. Qb3 c6 14. Nc3 Nxc3 15. bxc3 h5 16. Rae1 Qf6 17. c4 Rxe1 18. Rxe1 Rb8 19. cxd5 cxd5 20. Qxd5+ Kg6 21. Qe4+ Bf5 22. Ne5+ Kh6 23. Qf4+ g5 24. Qe3 Rc8 25. h4 Rc2 26. hxg5+ 1-0

[Event "IECC CL8-2004.06 email"]
[Site "IECC email"]
[Date "2004.04.23"]
[Round "?"]
[White "Robertson, John"]
[Black "Weller, Torsten"]
[Result "1-0"]
[WhiteElo "888"]
[BlackElo "972"]
[PlyCount "87"]
[EventDate "2004.??.??"]
[EventType "tourn (corr)"]
[EventRounds "4"]
[SourceTitle "Corr 2008"]
[Source "ChessBase"]
[SourceDate "2008.06.24"]
[SourceVersion "1"]
[SourceVersionDate "2008.06.24"]
[SourceQuality "1"]

1. e4 e5 2. Nf3 Nc6 3. Bb5 a6 4. Ba4 Nf6 5. Nc3 b5 6. Bb3 Be7 7. d4 d6 8. d5 Na5 9. 0-0 0-0 10. Ne2 Nxb3 11. axb3 Bb7 12. Nc3 c5 13. dxc6 Bxc6 14. Qd3 Qc7 15. Nd5 Qb7 16. Nxe7+ Qxe7 17. b4 d5 18. Qc3 Bb7 19. exd5 Bxd5 20. Nxe5 Rfe8 21. Re1 Qb7 22. f3 Qb6+ 23. Be3 Qb8 24. Bd4 Qb7 25. b3 Rac8 26. Bc5 Rc7 27. Rad1 h6 28. Rd4 Qa8 29. Bb6 Rb7 30. Qc5 a5 31. Qxb5 Reb8 32. Qxa5 Rxb6 33. Qxa8 Rxa8 34. Rxd5 Rxb4 35. Rd3 Re8 36. Rd2 Rb5 37. Nd3 Kf8 38. Rxe8+ Nxe8 39. b4 Nc7 40. c4 Rb8 41. b5 Ne6 42. g3 g5 43. Ne5 f6 44. Nd7+ 1-0

[Event "IECC CL8-2004.06 email"]
[Site "IECC email"]
[Date "2004.04.23"]
[Round "?"]
[White "Weller, Torsten"]
[Black "Ladkin, Peter"]
[Result "1-0"]
[WhiteElo "993"]
[BlackElo "872"]
[PlyCount "41"]
[EventDate "2004.??.??"]
[EventType "tourn (corr)"]
[EventRounds "4"]
[SourceTitle "Corr 2008"]
[Source "ChessBase"]
[SourceDate "2008.06.24"]
[SourceVersion "1"]
[SourceVersionDate "2008.06.24"]
[SourceQuality "1"]

1. e4 Nf6 2. Nc3 e5 3. Nf3 d5 4. Nxe5 Qe7 5. d4 dxe4 6. Bg5 Qb4 7. Rb1 h6 8. Bh4 Bd6 9. Be2 Nd5 10. 0-0 c5 11. dxc5 Bxe5 12. Nxd5 Qxc5 13. Nc3 Bd6 14. Nxe4 Bc7 15. Nxc5 0-0 16. Qd5 Re8 17. Bc4 Be6 18. Nxe6 Rxe6 19. Qxb7 Rc6 20. Bd3 Na6 21. Qxc6 1-0

[Event "IECC CL7-2003.21 email"]
[Site "IECC email"]
[Date "2003.09.17"]
[Round "?"]
[White "Weller, Torsten"]
[Black "Sferrazza, Giuseppe"]
[Result "0-1"]
[WhiteElo "1003"]
[BlackElo "1151"]
[PlyCount "62"]
[EventDate "2003.??.??"]
[EventType "tourn (corr)"]
[EventRounds "4"]
[SourceTitle "Corr 2008"]
[Source "ChessBase"]
[SourceDate "2008.06.24"]
[SourceVersion "1"]
[SourceVersionDate "2008.06.24"]
[SourceQuality "1"]

1. e4 e5 2. Nf3 Nf6 3. Nxe5 d6 4. Nf3 Nxe4 5. d4 d5 6. Bd3 Be7 7. 0-0 0-0 8. c4 Bf5 9. Nc3 Nxc3 10. bxc3 Bxd3 11. Qxd3 dxc4 12. Qxc4 Nd7 13. Bd2 Nb6 14. Qd3 c5 15. Rae1 cxd4 16. cxd4 Rc8 17. Re4 Nc4 18. Rfe1 Nxd2 19. Qxd2 Bf6 20. Qb4 Qd5 21. Qb1 Rfd8 22. a3 b5 23. Qb4 a6 24. h3 Rc1 25. Re8+ Rxe8 26. Rxc1 Rd8 27. Rd1 h6 28. g3 Qxf3 29. Re1 Bxd4 30. Qe7 Bxf2+ 31. Kh2 Qxg3+ 0-1

[Event "IECC CL7-2003.18 email"]
[Site "IECC email"]
[Date "2003.07.31"]
[Round "?"]
[White "Mottershead, Richard"]
[Black "Weller, Torsten"]
[Result "1-0"]
[WhiteElo "1062"]
[BlackElo "1074"]
[PlyCount "39"]
[EventDate "2003.??.??"]
[EventType "tourn (corr)"]
[EventRounds "4"]
[SourceTitle "Corr 2008"]
[Source "ChessBase"]
[SourceDate "2008.06.24"]
[SourceVersion "1"]
[SourceVersionDate "2008.06.24"]
[SourceQuality "1"]

1. e4 e5 2. Nf3 Nc6 3. Bb5 a6 4. Ba4 Nf6 5. 0-0 Nxe4 6. d4 b5 7. Bb3 d5 8. Nc3 Nxc3 9. bxc3 e4 10. Ne5 Nxe5 11. dxe5 c6 12. Be3 Qc7 13. f4 Be7 14. a4 Be6 15. f5 Bd7 16. axb5 cxb5 17. Qxd5 Bc6 18. Qxf7+ Kd7 19. Be6+ Kd8 20. Rad1+ 1-0

[Event "IECC CL7-2003.04 email"]
[Site "IECC email"]
[Date "2003.01.24"]
[Round "?"]
[White "Agnew, George Hartwell"]
[Black "Weller, Torsten"]
[Result "1-0"]
[WhiteElo "1161"]
[BlackElo "1058"]
[PlyCount "69"]
[EventDate "2003.??.??"]
[EventType "tourn (corr)"]
[EventRounds "4"]
[SourceTitle "Corr 2008"]
[Source "ChessBase"]
[SourceDate "2008.06.24"]
[SourceVersion "1"]
[SourceVersionDate "2008.06.24"]
[SourceQuality "1"]

1. e4 e5 2. Nf3 Nc6 3. Bc4 Bc5 4. d3 Nf6 5. 0-0 0-0 6. Nc3 d6 7. h3 Be6 8. Bb5 a6 9. Bxc6 bxc6 10. a3 d5 11. Nxe5 Qd6 12. Bf4 Qd8 13. Nxc6 Qc8 14. Na4 Bb6 15. exd5 Bxd5 16. Ne5 Qf5 17. Bg3 Rae8 18. Nxb6 cxb6 19. Re1 Re6 20. c4 Bb7 21. b4 Rfe8 22. f4 Rd8 23. d4 Red6 24. d5 Ne4 25. Qf3 b5 26. Rxe4 bxc4 27. Nxc4 Rxd5 28. Rae1 h6 29. Re8+ Kh7 30. Rxd8 Rxd8 31. Qxb7 Qd3 32. Qxf7 Qxg3 33. Rf1 Rc8 34. Qf5+ Kg8 35. Qxc8+ 1-0

[Event "IECC CL7-2001.30"]
[Site "IECC email"]
[Date "2001.12.20"]
[Round "?"]
[White "Kowalski, Boleslaw"]
[Black "Weller, Torsten"]
[Result "1-0"]
[WhiteElo "1300"]
[BlackElo "1092"]
[PlyCount "61"]
[EventDate "2001.??.??"]
[EventType "tourn (corr)"]
[EventRounds "4"]
[SourceTitle "Corr 2008"]
[Source "ChessBase"]
[SourceDate "2008.06.24"]
[SourceVersion "1"]
[SourceVersionDate "2008.06.24"]
[SourceQuality "1"]

1. d4 d5 2. c4 e6 3. Nf3 Nf6 4. Bg5 Be7 5. Nc3 0-0 6. e3 Nbd7 7. Bd3 c6 8. 0-0 dxc4 9. Bxc4 Nd5 10. Bxe7 Qxe7 11. Rc1 Nxc3 12. Rxc3 e5 13. Qc2 exd4 14. exd4 Nb6 15. Re1 Qd8 16. Bb3 Nd5 17. Bxd5 Qxd5 18. Re5 Qd6 19. Rce3 h6 20. Re7 Rb8 21. Re8 Be6 22. Rxb8 Rxb8 23. Qa4 a6 24. a3 Bg4 25. Ne5 Be6 26. Nf3 Ra8 27. Qc2 Bg4 28. Qe4 Bxf3 29. Rxf3 Kf8 30. Re3 Qe7 31. Qxe7+ 1-0

[Event "IECC CL7-2001.30"]
[Site "IECC email"]
[Date "2001.12.20"]
[Round "?"]
[White "Soule, Larry P"]
[Black "Weller, Torsten"]
[Result "1-0"]
[WhiteElo "1162"]
[BlackElo "1085"]
[PlyCount "79"]
[EventDate "2001.??.??"]
[EventType "tourn (corr)"]
[EventRounds "4"]
[SourceTitle "Corr 2008"]
[Source "ChessBase"]
[SourceDate "2008.06.24"]
[SourceVersion "1"]
[SourceVersionDate "2008.06.24"]
[SourceQuality "1"]

1. e4 e5 2. Nf3 Nc6 3. Bb5 a6 4. Ba4 Nf6 5. 0-0 Nxe4 6. d4 b5 7. Bb3 d5 8. dxe5 Be6 9. Nbd2 Nc5 10. c3 Be7 11. Bc2 Bg4 12. Re1 0-0 13. Nb3 Re8 14. h3 Nxb3 15. Qd3 g6 16. Bxb3 Be6 17. Rd1 Qd7 18. Bxd5 Rad8 19. Be4 Qxd3 20. Rxd3 Rxd3 21. Bxd3 Bd5 22. Bf4 Bc5 23. e6 fxe6 24. Bxc7 Re7 25. Bg3 e5 26. b4 Bb6 27. Bh4 Re8 28. Rd1 e4 29. Bf1 exf3 30. Rxd5 fxg2 31. Bxg2 Re1+ 32. Kh2 Rc1 33. Rd7 Rxc3 34. Bd5+ Kf8 35. Rxh7 g5 36. Bxg5 Rc2 37. Rf7+ Ke8 38. Rb7 Bxf2 39. Bf7+ Kf8 40. Bh6# 1-0

[Event "IECC CL7-2001.30"]
[Site "IECC email"]
[Date "2001.12.20"]
[Round "?"]
[White "Weller, Torsten"]
[Black "Richard, Peter"]
[Result "0-1"]
[WhiteElo "1065"]
[BlackElo "1005"]
[PlyCount "106"]
[EventDate "2001.??.??"]
[EventType "tourn (corr)"]
[EventRounds "4"]
[SourceTitle "Corr 2008"]
[Source "ChessBase"]
[SourceDate "2008.06.24"]
[SourceVersion "1"]
[SourceVersionDate "2008.06.24"]
[SourceQuality "1"]

1. e4 e5 2. Nf3 Nc6 3. Bc4 Bc5 4. c3 Nf6 5. d4 exd4 6. cxd4 Bb4+ 7. Bd2 Bxd2+ 8. Nbxd2 d5 9. exd5 Nxd5 10. Qb3 Na5 11. Qa4+ Nc6 12. Qb3 Na5 13. Qa4+ Nc6 14. Qb5 0-0 15. Bxd5 Re8+ 16. Ne4 Nb4 17. Bxf7+ Kxf7 18. Qh5+ Kf8 19. Qc5+ Qe7 20. 0-0 Nd3 21. Qxe7+ Rxe7 22. Ned2 Bf5 23. b3 Rd8 24. Nc4 Be4 25. Rad1 Bxf3 26. Rxd3 Be2 27. Rd2 Bxf1 28. Kxf1 Red7 29. Na5 c5 30. d5 Rxd5 31. Rxd5 Rxd5 32. Nxb7 Ke7 33. a3 Ke6 34. Na5 a6 35. Nc4 h6 36. g4 Rd3 37. Na5 Kd5 38. Ke2 Rh3 39. Kf1 Rxh2 40. Kg1 Rh3 41. Kg2 Rd3 42. f3 Rd2+ 43. Kg3 g5 44. a4 Kd4 45. Nc6+ Kc3 46. Na5 Kb4 47. Nb7 Rd3 48. a5 Rxb3 49. Kf2 c4 50. Ke2 c3 51. Kd1 Kc4 52. Nd6+ Kd3 53. Nf7 Rb1# 0-1

[Event "IECC CL7-2001.24"]
[Site "IECC email"]
[Date "2001.10.06"]
[Round "?"]
[White "Bongiovanni, Claudio"]
[Black "Weller, Torsten"]
[Result "1-0"]
[WhiteElo "1190"]
[BlackElo "1031"]
[PlyCount "45"]
[EventDate "2001.??.??"]
[EventType "tourn (corr)"]
[EventRounds "4"]
[SourceTitle "Corr 2020"]
[Source "ChessBase"]
[SourceDate "2019.09.30"]
[SourceVersion "1"]
[SourceVersionDate "2019.09.30"]
[SourceQuality "1"]
[WhiteTeam "Italy"]
[BlackTeam "Germany"]
[WhiteTeamCountry "ITA"]
[BlackTeamCountry "GER"]

1. e4 e5 2. Nf3 Nc6 3. d4 exd4 4. Bc4 Bc5 5. c3 d3 6. 0-0 d6 7. b4 Bb6 8. a4 a6 9. a5 Ba7 10. Qb3 Qf6 11. b5 axb5 12. Bxd3 Nge7 13. Bg5 Qe6 14. Qxb5 0-0 15. Nbd2 Bd7 16. Bc4 Qg6 17. Bxe7 Bh3 18. Nh4 Qg4 19. Bxf8 Rxf8 20. Ndf3 Bxg2 21. Nxg2 Qxf3 22. Qxb7 Qxe4 23. Bb5 1-0

[Event "IECC CL7-2001.24"]
[Site "IECC email"]
[Date "2001.10.06"]
[Round "?"]
[White "Weller, Torsten"]
[Black "Lewis, Warren E"]
[Result "0-1"]
[WhiteElo "1087"]
[BlackElo "1071"]
[PlyCount "64"]
[EventDate "2001.??.??"]
[EventType "tourn (corr)"]
[EventRounds "4"]
[SourceTitle "Corr 2008"]
[Source "ChessBase"]
[SourceDate "2008.06.24"]
[SourceVersion "1"]
[SourceVersionDate "2008.06.24"]
[SourceQuality "1"]

1. e4 d5 2. e5 c5 3. Nf3 Nc6 4. c3 e6 5. d4 Qb6 6. Be2 Bd7 7. a3 cxd4 8. cxd4 Rc8 9. Nc3 Nge7 10. 0-0 Nf5 11. b4 Ncxd4 12. Na4 Nxe2+ 13. Qxe2 Bxa4 14. Be3 Nxe3 15. Qxe3 Qxe3 16. fxe3 Be7 17. Nd4 0-0 18. Rf3 Rc3 19. Kf2 Rfc8 20. Kg3 Bg5 21. Kg4 Bxe3 22. Raf1 Bxd4 23. Rxf7 Bc6 24. a4 Bxa4 25. Rxb7 Bc6 26. Re7 Bb5 27. Rff7 Bxe5 28. Rxa7 Be2+ 29. Kh4 R8c4+ 30. Kg5 Rg4+ 31. Kh5 Rxg2+ 32. Kh4 Rxh2+ 0-1

[Event "IECC CL7-2001.21"]
[Site "IECC email"]
[Date "2001.08.16"]
[Round "?"]
[White "Hintze, Russell P"]
[Black "Weller, Torsten"]
[Result "0-1"]
[WhiteElo "990"]
[BlackElo "1058"]
[PlyCount "76"]
[EventDate "2001.??.??"]
[EventType "tourn (corr)"]
[EventRounds "4"]
[SourceTitle "Corr 2008"]
[Source "ChessBase"]
[SourceDate "2008.06.24"]
[SourceVersion "1"]
[SourceVersionDate "2008.06.24"]
[SourceQuality "1"]

1. d4 d5 2. Nf3 Nc6 3. c4 e6 4. Nc3 Nf6 5. a3 Bd6 6. e3 0-0 7. Bd3 e5 8. e4 dxe4 9. Nxe4 exd4 10. 0-0 Bf5 11. Bg5 Bxe4 12. Bxf6 Bxf3 13. Bxh7+ Kh8 14. Qxf3 Qxf6 15. Qh5 Qh6 16. Qxh6 gxh6 17. Be4 Rae8 18. f3 f5 19. Bc2 Re2 20. Bd3 Rxb2 21. Rae1 Rb3 22. Bc2 Rxa3 23. Re6 Kh7 24. g4 d3 25. Bd1 d2 26. Re2 Bb4 27. Bc2 Kh8 28. Re6 fxg4 29. Rxh6+ Kg8 30. Rg6+ Kf7 31. fxg4+ Ke8 32. Rd1 Re3 33. Kg2 Rh8 34. Kf2 Reh3 35. Rh1 Rxh2+ 36. Rxh2 Rxh2+ 37. Ke3 Rh1 38. Ke2 Nd4+ 0-1

[Event "IECC CL7-2001.08"]
[Site "IECC email"]
[Date "2001.03.21"]
[Round "?"]
[White "Goodwin, James"]
[Black "Weller, Torsten"]
[Result "1-0"]
[WhiteElo "1197"]
[BlackElo "1127"]
[PlyCount "39"]
[EventDate "2001.??.??"]
[EventType "tourn (corr)"]
[EventRounds "4"]
[SourceTitle "Corr 2008"]
[Source "ChessBase"]
[SourceDate "2008.06.24"]
[SourceVersion "1"]
[SourceVersionDate "2008.06.24"]
[SourceQuality "1"]

1. d4 d5 2. e3 Nf6 3. Bd3 e6 4. Nd2 Bd6 5. f4 Bd7 6. Ngf3 0-0 7. 0-0 c5 8. c3 Nc6 9. Ne5 Ne7 10. Qe1 Rc8 11. e4 cxd4 12. Nxd7 Nxd7 13. cxd4 f5 14. exf5 exf5 15. Nf3 Ng6 16. Qe6+ Rf7 17. Qxd6 Rf6 18. Qxd5+ Kh8 19. Bxf5 Rcc6 20. Qxd7 1-0

[Event "IECC CL7-2001.08"]
[Site "IECC email"]
[Date "2001.03.21"]
[Round "?"]
[White "Hilton, Jim"]
[Black "Weller, Torsten"]
[Result "1-0"]
[WhiteElo "1148"]
[BlackElo "1114"]
[PlyCount "75"]
[EventDate "2001.??.??"]
[EventType "tourn (corr)"]
[EventRounds "4"]
[SourceTitle "Corr 2008"]
[Source "ChessBase"]
[SourceDate "2008.06.24"]
[SourceVersion "1"]
[SourceVersionDate "2008.06.24"]
[SourceQuality "1"]

1. d4 d5 2. c4 e6 3. cxd5 exd5 4. Nf3 Nf6 5. e3 c5 6. Be2 Bd6 7. 0-0 0-0 8. Nc3 cxd4 9. Nxd4 Nc6 10. b3 Qc7 11. Bb2 Bxh2+ 12. Kh1 Be5 13. Ncb5 Qb6 14. Bc3 a6 15. Nxc6 Bxc3 16. Ne7+ Kh8 17. Nxc3 Qc5 18. Ncxd5 Be6 19. Bc4 Rad8 20. e4 Nxe4 21. Qc2 Nf6 22. Rac1 Nxd5 23. Nxd5 Bxd5 24. Bxd5 Qxd5 25. Rfd1 Qh5+ 26. Kg1 h6 27. Rxd8 Rxd8 28. Qc7 Qg5 29. f4 Qf6 30. Re1 b5 31. a4 bxa4 32. bxa4 Rd4 33. Qc2 g6 34. g3 Qb6 35. Re8+ Kg7 36. Qc3 Kh7 37. Kg2 Rxa4 38. Qh8# 1-0

[Event "IECC CL7-2000.47"]
[Site "IECC email"]
[Date "2000.09.15"]
[Round "?"]
[White "Weller, Torsten"]
[Black "Copin, Jean Christophe"]
[Result "0-1"]
[WhiteElo "1117"]
[BlackElo "1061"]
[PlyCount "56"]
[EventDate "2000.??.??"]
[EventType "tourn (corr)"]
[EventRounds "4"]
[SourceTitle "Corr 2008"]
[Source "ChessBase"]
[SourceDate "2008.06.24"]
[SourceVersion "1"]
[SourceVersionDate "2008.06.24"]
[SourceQuality "1"]

1. e4 c5 2. Nf3 d6 3. d4 cxd4 4. Nxd4 Nf6 5. Nc3 a6 6. Bg5 e6 7. f4 Be7 8. Qf3 e5 9. Nf5 Bxf5 10. exf5 Nc6 11. 0-0-0 Nd4 12. Qxb7 0-0 13. g3 Rb8 14. Qxa6 Qc7 15. Bg2 Rfc8 16. Rd3 Rxb2 17. Kxb2 Rb8+ 18. Kc1 d5 19. fxe5 Ne4 20. Bxe7 Nxc3 21. Bg5 Nce2+ 22. Kd2 Qxc2+ 23. Ke3 Nxf5+ 24. Kf3 Ned4+ 25. Kg4 Qxg2 26. Rc1 h5+ 27. Kxh5 Qe2+ 28. g4 Qxh2+ 0-1

[Event "IECC CL6-2000.14"]
[Site "IECC email"]
[Date "2000.03.30"]
[Round "?"]
[White "Soldini, Paolo"]
[Black "Weller, Torsten"]
[Result "1-0"]
[WhiteElo "1250"]
[BlackElo "1211"]
[PlyCount "49"]
[EventDate "2000.??.??"]
[EventType "tourn (corr)"]
[EventRounds "4"]
[SourceTitle "Corr 2008"]
[Source "ChessBase"]
[SourceDate "2008.06.24"]
[SourceVersion "1"]
[SourceVersionDate "2008.06.24"]
[SourceQuality "1"]

1. e4 e5 2. Bc4 Nc6 3. Nf3 Bc5 4. c3 Nf6 5. d3 0-0 6. b4 Bb6 7. a4 a5 8. b5 Ne7 9. Nxe5 d6 10. Nf3 Be6 11. Bxe6 fxe6 12. 0-0 e5 13. Qb3+ d5 14. Ba3 c6 15. bxc6 bxc6 16. Bxe7 Bxf2+ 17. Rxf2 Qxe7 18. Re2 Rab8 19. Qa2 Qe8 20. d4 Kh8 21. exd5 Nxd5 22. Nxe5 Qc8 23. Rf2 h6 24. Rxf8+ Qxf8 25. Ng6+ 1-0